Category Elimination - NBA #3 - Statistics

General Stats
  • This quiz has been taken 11,330 times
    8,674 since last reset
  • The average score is 16 of 20
Answer Stats
Group # Category % Correct
Green 49 A city to ever host a NBA Team
97%
Green 23 ... which host a NBA Champion
93%
Yellow 77 A player at least 3 times NBA Champion
92%
Yellow 28 ... but never with the Celtics or the Lakers
91%
Blue 76 A Number 1 Pick At The Draft
90%
Pink 47 A player with a least 150 playoffs games played
87%
Pink 29 ... who have an individual award ¹
87%
Pink 19 ... who scored at least 15,000 Pts with one team
87%
Blue 54 ... who never get a NBA Championship
86%
Pink 11 ... but didn't played for only one team
86%
Yellow 11 ... who is a forward (SF/PF)
85%
Blue 32 ... who is an All-Star
82%
Green 5 ... which isn't hosting a NBA team anymore
81%
Green 3 ... which begins with the leatter "S"
78%
Yellow 2 ... who ended a 20+ PTS/G season
75%
Blue 15 ... who ended a 25+ PTS/G season
74%
Green 1 ... which didn't win a title in the 1950's Seattle
71%
Blue 1 ... who is at most 6-0 foot tall (1m83) Allen Iverson
57%
Yellow 1 ... who has never been Finals MVP Scottie Pippen
52%
Pink 1 ... who is not american Tony Parker
26%
No matching quizzes found
Score Distribution
Percent of People with Each Score
Percentile by Number Answered
Your Score History
You have not taken this quiz since the last reset